[Event "TIPC 2016"]
[Site "Roux"]
[Date "2016.08.05"]
[Round "8.4"]
[White "Hautot, Stéphane"]
[Black "Capone, Nicola"]
[Result "1/2-1/2"]
[BlackElo "2397"]
[WhiteElo "2402"]
[LiveChessVersion "1.4.6"]

1. d4  Nf6  2. Nf3  e6
 3. c4  Bb4+  4. Nbd2
 O-O  5. a3  Be7 
6. e3  b6  7. Bd3  c5
 8. O-O  cxd4  9. exd4
 Bb7  10. b3  d5 
11. Bb2  Nc6  12. Qe2  Rc8
 13. Rac1  Re8  14. c5
 bxc5  15. dxc5  a5
 16. Bb5  Nd7  17. Bxc6
 Bxc6  18. b4  Ba4
 19. Nd4  e5  20. Nf5
 Bf8  21. Rfe1  e4
 22. Qg4  g6  23. Qf4
 Re6  24. Nd6  Bxd6
 25. cxd6  axb4  26. axb4
 Rxc1  27. Rxc1  Nf8
 28. Rc7  f6  29. Ra7
 Be8  30. Re7  Rxe7
 31. Qxf6  Rd7  32. Qh8+
 Kf7  33. Qg7+  Ke6
 34. Qe5+  Kf7  35. Qg7+
 Ke6  36. Qe5+  Kf7
 37. Nb1 1/2-1/2

[Event "TIPC 2016"]
[Site "Roux"]
[Date "2016.08.05"]
[Round "8.5"]
[White "Naumkin, Igor"]
[Black "Müeller, Martin"]
[Result "1-0"]
[BlackElo "2070"]
[WhiteElo "2405"]
[LiveChessVersion "1.4.6"]

1. d4  d5  2. c4  c6
 3. Nf3  Nf6  4. Nc3
 dxc4  5. a4  e6 
6. e3  c5  7. Bxc4  Nc6
 8. O-O  cxd4  9. exd4
 Be7  10. Bg5  O-O
 11. Qd2  Nb4  12. Rfe1
 Nfd5  13. Bxd5  Bxg5
 14. Nxg5  exd5  15. Ne2
 a5  16. Ng3  f6 
17. Nf3  Bd7  18. b3  Rc8
 19. Rac1  Re8  20. h3
 Rxe1+  21. Rxe1  Qc7
 22. Nh4  Re8  23. Nhf5
 Rxe1+  24. Qxe1  g6
 25. Nh6+  Kf8  26. Qe3
 Nc2  27. Qc1  Kg7
 28. Ng4  Bxg4  29. hxg4
 Qc3  30. Kh2  Qxb3
 31. g5  Qxa4  32. gxf6+
 Kf7  33. Qh6  Kxf6
 34. Nh5+  Ke7  35. Qxh7+
 Kd6  36. Qxg6+  Kc7
 37. Nf4  Nxd4  38. Nxd5+
 Kb8  39. Qd6+  Ka7
 40. Nc3  Qc4  41. Qxd4+
 Qxd4  42. Nb5+  Kb6
 43. Nxd4  a4  44. g4
 Kc5  45. g5  Kd6
 46. Nb5+  Kc5  47. g6
 Kd5 1-0

[Event "TIPC 2016"]
[Site "Roux"]
[Date "2016.08.05"]
[Round "8.6"]
[White "Van Mechelen, Jan"]
[Black "Carlier, Bruno"]
[Result "0-1"]
[BlackElo "2403"]
[WhiteElo "2249"]
[LiveChessVersion "1.4.6"]

1. d4  g6  2. e4  Bg7
 3. Nc3  c6  4. Be3
 d6  5. a4  Nf6 
6. h3  Nbd7  7. Nf3  e5
 8. dxe5  dxe5  9. Nd2
 O-O  10. Be2  Qe7
 11. Nc4  Ne8  12. Qd2
 f5  13. exf5  gxf5
 14. Bg5  Ndf6  15. g4
 b5  16. axb5  cxb5
 17. Ne3  Qb7  18. f3
 f4  19. Ned5  b4
 20. Nxf6+  Nxf6  21. Bc4+
 Kh8  22. Nd5  Be6
 23. Bxf6  Bxf6  24. O-O-O
 Bg7  25. h4  a5 
26. h5  e4  27. Qe2  e3
 28. h6  Be5  29. Rh5
 Qb8  30. Nxe3  fxe3
 31. Bxe6  Re8  32. Bd7
 a4  33. c3  Re7 
34. Rd5  bxc3  35. bxc3  a3
 36. Ba4  Rxa4  37. Rb5
 Qc7  0-1

[Event "TIPC 2016"]
[Site "Roux"]
[Date "2016.08.05"]
[Round "8.7"]
[White "De Villers, Mourad"]
[Black "Boucquet, Emile"]
[Result "1-0"]
[BlackElo "2179"]
[WhiteElo "2136"]
[LiveChessVersion "1.4.6"]

1. c4  Nf6  2. g3  e6
 3. Bg2  d5  4. Nf3
 d4  5. O-O  c5 
6. e3  Nc6  7. exd4  cxd4
 8. d3  Be7  9. Na3
 O-O  10. Nc2  Ne8
 11. b4  Nxb4  12. Nfxd4
 e5  13. Nxb4  Bxb4
 14. Rb1  Qe7  15. Nc2
 Bc5  16. Qe2  Nf6
 17. h3  Rb8  18. Bb2
 Bf5  19. Ne3  Bd7
 20. Kh2  Qe6  21. Nd5
 Bd6  22. Nxf6+  gxf6
 23. Qe3  Bc6  24. Bxc6
 bxc6  25. Bc3  Rxb1
 26. Rxb1  Rb8  27. Rxb8+
 Bxb8  28. Bb4  Bd6
 29. Bxd6  Qxd6  30. Qxa7
 Kg7  31. Qe3  Qa3
 32. Qe2  Qc5  33. g4
 Qd4  34. Kg2  Qa1
 35. Qe4  c5  36. Qd5
 Qxa2  37. Qxc5  Qd2
 38. Qe3  Qc3  39. Qe4
 Qc1  40. Qd5  Qf4
 41. Qf3  Qc1  42. Qe4
 Kg8  43. Qd5  Qf4
 44. c5  f5  45. Qf3
 Qd4  46. c6  e4 
47. Qxf5  e3  48. c7  exf2
 49. c8=Q+  Kg7  50. Qg5#
 Qd8 1-0

[Event "TIPC 2016"]
[Site "Roux"]
[Date "2016.08.05"]
[Round "8.8"]
[White "Decrop, Benjamin"]
[Black "Le Quang, Kim"]
[Result "0-1"]
[BlackElo "2264"]
[WhiteElo "2098"]
[LiveChessVersion "1.4.6"]

1. e4  c5  2. Nf3  d6
 3. d4  cxd4  4. Nxd4
 Nf6  5. Nc3  a6 
6. Be3  e5  7. Nb3  Be6
 8. f3  Be7  9. Qd2
 O-O  10. O-O-O  a5
 11. Kb1  a4  12. Nc1
 a3  13. b3  Ra5 
14. Nd3  Qc7  15. Nb4  d5
 16. Nbxd5  Bxd5  17. Nxd5
 Nxd5  18. exd5  Rxd5
 19. Qxd5  Rd8  20. Bc4
 Rxd5  21. Rxd5  Nd7
 22. Rb5  h6  23. Rd1
 Bg5  24. Bxg5  hxg5
 25. Rbd5  Nf6  26. Rd8+
 Kh7  27. Ra8  Qc5
 28. Bxf7  e4  29. h4
 gxh4  30. f4  g6
 31. Bc4  b5  32. Ra5
 Qb4  33. Ra7+  Kh6
 34. g4  g5  35. Ra6
 Qc3  36. Rxa3  bxc4
 37. Ra6  gxf4  38. Rd5
 Kg7  39. Rg5+  Kf7
 40. Rc5  Qe1+  41. Kb2
 c3+  42. Ka3  Qe2
 43. Rc7+  Kg6  44. Rcc6
 Qxa6+  0-1

[Event "TIPC 2016"]
[Site "Roux"]
[Date "2016.08.05"]
[Round "8.9"]
[White "Gijsen, Stief"]
[Black "Fontaine, Quentin"]
[Result "1/2-1/2"]
[BlackElo "2238"]
[WhiteElo "2144"]
[LiveChessVersion "1.4.6"]

1. d4  Nf6  2. c4  g6
 3. Nc3  Bg7  4. e4
 d6  5. Nf3  O-O 
6. Be2  Na6  7. O-O  e5
 8. Be3  Ng4  9. Bg5
 Qe8  10. h3  f6 
11. Bc1  Nh6  12. dxe5  dxe5
 13. a3  Nf7  14. b4
 c6  15. Qc2  Nc7
 16. c5  Ne6  17. Rd1
 f5  18. Bb2  f4 
19. Nb1  Qe7  20. Nbd2  Neg5
 21. Bc4  Kh8  22. Qb3
 b5  23. Be2  a5 
24. a4  Be6  25. Qc2  axb4
 26. axb5  cxb5  27. Bxb5
 Rab8  28. Ba6  Nxf3+
 29. Nxf3  g5  30. Rdc1
 h5  31. c6  Qc7 
32. Qc5  Bf6  33. Bc4  Bxc4
 34. Rxc4  Ra8  35. Rxa8
 Rxa8  36. Rxb4  g4
 37. hxg4  hxg4  38. Nh2
 g3  39. Ng4  gxf2+
 40. Nxf2  Be7  41. Rb7
 Bxc5  42. Rxc7  Kg8
 43. Kf1  Bd6  44. Rb7
 Rc8  45. Ng4  Rxc6
 46. Rb5  1/2-1/2

[Event "TIPC 2016"]
[Site "Roux"]
[Date "2016.08.05"]
[Round "8.10"]
[White "Schuermans, Robert"]
[Black "Sclacmender, Julien"]
[Result "1-0"]
[BlackElo "2201"]
[WhiteElo "2128"]
[LiveChessVersion "1.4.6"]

1. e4  c5  2. Nf3  Nc6
 3. d4  cxd4  4. Nxd4
 g6  5. Nc3  Bg7 
6. Be3  Nf6  7. Nxc6  bxc6
 8. e5  Ng8  9. Bd4
 Nh6  10. e6  Bxd4
 11. Qxd4  O-O  12. exd7
 Qxd7  13. O-O-O  Qxd4
 14. Rxd4  Be6  15. Ba6
 Nf5  16. Ra4  Nd6
 17. Re1  Rfd8  18. Ne2
 Kf8  19. Nf4  Bf5
 20. Nd3  Bxd3  21. Bxd3
 f6  22. Rh4  g5 
23. Rxh7  e5  24. f3  Kg8
 25. Bg6  a5  26. h4
 gxh4  27. Rxh4  Kg7
 28. Rg4  Kf8  29. Rh1
 Ke7  30. Rh7+  Ke6
 31. Bd3  Rg8  32. Rgg7
 Rxg7  33. Rxg7  f5
 34. Rg6+  Kd5  35. Rg5
 f4  36. c3  Rh8 
37. Kd2  Rh2  38. Ke2  Rh1
 39. Kf2  Rd1  40. Ke2
 Rh1  41. Rg7  Rg1
 42. Bh7  Ke6  43. Rg6+
 Ke7  44. Kd3  c5
 45. Bg8  Kd7  46. Rg4
 Rd1+  47. Kc2  Rf1
 48. Kb3  Rf2  49. a4
 c4+  50. Bxc4  Nxc4
 51. Kxc4  Rxb2  52. Kd5
 Re2  53. Rg7+  Kd8
 54. c4  Ke8  55. c5
 Kf8  56. Rg5  1-0

[Event "TIPC 2016"]
[Site "Roux"]
[Date "2016.08.05"]
[Round "8.11"]
[White "Scoriels, Michaël"]
[Black "Henris, Luc"]
[Result "1/2-1/2"]
[BlackElo "2170"]
[WhiteElo "2073"]
[LiveChessVersion "1.4.6"]

1. e4 c5 2. Nf3 d6 3. d4 cxd4 4. Nxd4 Nf6 5. Nc3 g6 6. Be3 Bg7 7. Qd2 Nc6 8. f3
O-O 9. g4 Be6 10. h4 Nxd4 11. Bxd4 Qa5 12. Nb5 Qxd2+ 13. Kxd2 Nd7 14. Bxg7 Kxg7
15. Be2 Rfc8 16. b3 Ne5 17. Rh2 Bd7 18. Nd4 b5 19. f4 Nxg4 20. Bxg4 Bxg4 21. Nxb5
Bd7 22. Nd4 Rc5 23. Rg1 e5 24. Ne2 exf4 25. Nxf4 Rac8 26. Rc1 Re5 27. Re2 Bc6 28.
Kd3 h5 29. c4 Kh6 30. Nd5 Kg7 1/2-1/2

[Event "TIPC 2016"]
[Site "Roux"]
[Date "2016.08.05"]
[Round "8.12"]
[White "Bruno, Ricardo"]
[Black "Hoffmeister, Frank"]
[Result "0-1"]
[BlackElo "2165"]
[WhiteElo "2024"]
[LiveChessVersion "1.4.6"]

1. Nf3 d5 2. g3 Nf6 3. Bg2 c6 4. O-O Bf5 5. d3 h6 6. Nbd2 e6 7. Qe1 Bh7 8. b3 Be7
9. Bb2 O-O 10. e4 a5 11. a3 Na6 12. Qe2 Rc8 13. Rae1 b5 14. Ne5 a4 15. Kh1 b4 16.
Ra1 axb3 17. axb4 Nxb4 18. Nxb3 Qb6 19. Rfb1 Ra8 20. exd5 exd5 21. Nf3 Bd6 22.
Rxa8 Rxa8 23. Bd4 c5 24. Bxf6 gxf6 25. Nh4 c4 26. Qg4+ Kh8 27. Qd4 Qxd4 28. Nxd4
cxd3 29. cxd3 Bxd3 30. Rd1 Be5 31. Nhf5 Ra5 32. f4 Bxd4 33. Nxd4 Rc5 34. h3 Rc4
35. Nf3 Be4 36. Ne1 f5 37. Kh2 Nc2 38. Nf3 Ne3 39. Rg1 0-1

[Event "TIPC 2016"]
[Site "Roux"]
[Date "2016.08.05"]
[Round "8.13"]
[White "Faybish, Nimrod"]
[Black "Barbier, Wim"]
[Result "1/2-1/2"]
[BlackElo "2083"]
[WhiteElo "2203"]
[LiveChessVersion "1.4.6"]

1. e4 d6 2. d4 Nf6 3. Nc3 e5 4. Nf3 Nbd7 5. Bc4 Be7 6. O-O O-O 7. Re1 c6 8. a4 a5
9. b3 exd4 10. Nxd4 Ne5 11. Bf1 d5 12. exd5 Bb4 13. Bd2 Nxd5 14. Nxd5 Qxd5 15.
Bxb4 axb4 16. Qh5 Qxd4 17. Qxe5 Qxe5 18. Rxe5 Be6 1/2-1/2

[Event "TIPC 2016"]
[Site "Roux"]
[Date "2016.08.05"]
[Round "8.14"]
[White "De Herdt, Yasseen"]
[Black "Lacroix, Bruno"]
[Result "1/2-1/2"]
[BlackElo "2169"]
[WhiteElo "2031"]
[LiveChessVersion "1.4.6"]

1. e4 Nc6 2. Nf3 Nf6 3. e5 Ng4 4. d4 d6 5. exd6 Qxd6 6. c4 Bf5 7. h3 Nf6 8. a3 e6
9. Be3 Be7 10. Be2 O-O 11. b4 a6 12. O-O Ne4 13. Qb3 Bf6 14. Rd1 Rfd8 15. Ra2 Qe7
16. b5 Na5 17. Qb4 axb5 18. Qxb5 Nd6 19. Qb4 Ndxc4 20. Qxe7 Bxe7 21. Bf4 Bd6 22.
Bxd6 Rxd6 23. Nc3 c6 24. a4 Rad8 25. Rc1 Nb3 26. Re1 Nca5 27. Bd1 Nxd4 28. Re5
Nxf3+ 29. Bxf3 Nc4 30. Rc5 Nd2 31. Be2 f6 32. a5 Kf8 33. Rb2 R8d7 34. f3 e5 35.
Kf2 Be6 36. Na4 Nb3 37. Rc3 Nxa5 38. Nb6 Rd8 39. Ra3 Nb3 40. Raxb3 Bxb3 41. Rxb3
Rd4 42. Ke3 Ke7 1/2-1/2

[Event "TIPC 2016"]
[Site "Roux"]
[Date "2016.08.05"]
[Round "8.15"]
[White "Thirion, Marcel"]
[Black "Callier, Christophe"]
[Result "0-1"]
[BlackElo "2015"]
[WhiteElo "2125"]
[LiveChessVersion "1.4.6"]

1. d4 Nf6 2. c4 g6 3. Nc3 Bg7 4. e4 d6 5. Be2 O-O 6. Bg5 Qe8 7. Qd2 e5 8. d5 Na6
9. Bh6 Nc5 10. f3 Nh5 11. g4 Nf4 12. Bxf4 exf4 13. h4 f5 14. exf5 gxf5 15. g5 Ne4
16. fxe4 fxe4 17. O-O-O f3 18. Nxf3 exf3 19. Bd3 Bf5 20. Rde1 Be5 21. Bxf5 Rxf5
22. Qd3 Qg6 23. h5 Qxg5+ 24. Kb1 f2 25. Ref1 Bxc3 26. Qxc3 Qg2 27. Qd3 Raf8 28.
Rh3 Rg5 29. Kc2 Qxf1 30. Qxf1 Rg1 31. Rh1 Rxh1 32. Qg2+ Kh8 33. h6 Rxh6 0-1

[Event "TIPC 2016"]
[Site "Roux"]
[Date "2016.08.06"]
[Round "9.1"]
[White "Sumets, Andrey"]
[Black "Okhotnik, Vladimir"]
[Result "1/2-1/2"]
[BlackElo "2454"]
[WhiteElo "2551"]
[LiveChessVersion "1.4.6"]

1. d4  d5  2. c4  c6
 3. Nf3  Nf6  4. Nc3
 dxc4  5. a4  Bf5
 6. e3  e6  7. Bxc4
 Bb4  8. O-O  Nbd7
 9. Qb3  a5  10. Na2
 Be7  11. Qxb7  Rb8
 12. Qa6  Ra8  13. Qb7
 Rb8  14. Qa6  Ra8
 15. Qb7  Rb8  16. Qa6
 Ra8  1/2-1/2

[Event "TIPC 2016"]
[Site "Roux"]
[Date "2016.08.06"]
[Round "9.2"]
[White "Gurevich, Mikhail"]
[Black "Van Der Stricht, Geert"]
[Result "0-1"]
[BlackElo "2368"]
[WhiteElo "2561"]
[LiveChessVersion "1.4.6"]

1. c4  c6  2. Nf3  d5
 3. e3  Nf6  4. Nc3
 Bg4  5. d4  e6 
6. Qb3  Qb6  7. Nh4  Bh5
 8. h3  Nbd7  9. g4
 Bg6  10. Nxg6  hxg6
 11. Bg2  g5  12. O-O
 Be7  13. Rd1  Nf8
 14. e4  Nxe4  15. Nxe4
 dxe4  16. Bxe4  Qxb3
 17. axb3  Rxh3  18. Be3
 Rh4  19. f3  g6 
20. d5  cxd5  21. cxd5  f5
 22. d6  fxe4  23. dxe7
 Nh7  24. Rac1  exf3
 25. Rc7  Nf6  26. Rxb7
 Ne4  27. Rd4  Rxg4+
 28. Kf1  Rh4  29. Kg1
 Rg4+  30. Kf1  Rh4
 31. Kg1  f2+  32. Bxf2
 Rg4+  33. Kf1  Nxf2
 34. Rd8+  Rxd8  35. exd8=Q+
 Kxd8  36. Kxf2  Rf4+
 37. Kg3  a5  38. Rg7
 Rb4  39. Rxg6  Rxb3+
 40. Kg4  Rxb2  41. Rxe6
 Rb5  42. Kh5  Kd7
 0-1

[Event "TIPC 2016"]
[Site "Roux"]
[Date "2016.08.06"]
[Round "9.3"]
[White "Miezis, Normunds"]
[Black "De Villers, Mourad"]
[Result "1-0"]
[BlackElo "2136"]
[WhiteElo "2498"]
[LiveChessVersion "1.4.6"]

1. c4  c5  2. Nc3  g6
 3. g3  Bg7  4. Bg2
 Nc6  5. a3  d6 
6. Rb1  a5  7. d3  e6
 8. e4  Nge7  9. Nge2
 O-O  10. O-O  Rb8
 11. h3  b6  12. Kh2
 h6  13. Be3  Nd4
 14. b4  axb4  15. axb4
 Nec6  16. b5  Ne7
 17. Bd2  Bb7  18. Nxd4
 Bxd4  19. Qc1  h5
 20. Bh6  Re8  21. Bg5
 Qd7  22. f4  f6 
23. Bh4  f5  24. Rb2  Ra8
 25. Re2  Kf7  26. Rfe1
 Ra5  27. Qd2  Ba8
 28. Bxe7  Rxe7  29. exf5
 gxf5  30. Nd5  Qd8
 31. Nxe7  Qxe7  32. Rxe6
 Qxe6  33. Rxe6  Kxe6
 34. Qe2+  Kd7  35. h4
 Bxg2  36. Kxg2  Kc7
 37. Qxh5  Ra2+  38. Kh3
 1-0

[Event "TIPC 2016"]
[Site "Roux"]
[Date "2016.08.06"]
[Round "9.4"]
[White "Capone, Nicola"]
[Black "Naumkin, Igor"]
[Result "0-1"]
[BlackElo "2405"]
[WhiteElo "2397"]
[LiveChessVersion "1.4.6"]

1. e4  e6  2. d4  d5
 3. Nc3  Nf6  4. e5
 Nfd7  5. f4  c5 
6. Nf3  Nc6  7. Be3  a6
 8. Ne2  b5  9. c3
 b4  10. g4  bxc3
 11. bxc3  cxd4  12. cxd4
 Nb6  13. Ng3  Nc4
 14. Kf2  f6  15. Bxc4
 dxc4  16. Qa4  Bd7
 17. Qxc4  Rc8  18. exf6
 Qxf6  19. Ne4  Qg6
 20. Nc5  Bxc5  21. dxc5
 O-O  22. Rad1  Rc7
 23. Rd6  Qxg4  24. Qe4
 e5  25. Rg1  Qf5
 26. Qd5+  Kh8  27. Rg5
 Qc2+  28. Kg3  exf4+
 29. Bxf4  Ne7  30. Qd3
 Nf5+  31. Rxf5  Bxf5
 32. Qxc2  Bxc2  33. c6
 Rcf7  34. Rd4  h6
 35. h4  Bf5  36. c7
 Rd7  37. Rb4  Rd3
 38. Kf2  Ra3  39. Bd6
 Rxa2+  40. Kg3  Rc8
 41. Kf4  Bh3  42. Nd4
 Kh7  43. Rb3  Bd7
 44. Ke4  Ra1  45. Kd5
 Rh1  46. Bg3  a5
 47. Kd6  Bg4  48. Rc3
 a4  49. Nb5  Rb1
 50. Rc5  a3  51. Nc3
 Rb6+  52. Ke5  Ra6
 53. Kd4 0-1

[Event "TIPC 2016"]
[Site "Roux"]
[Date "2016.08.06"]
[Round "9.5"]
[White "Carlier, Bruno"]
[Black "Schuermans, Robert"]
[Result "1-0"]
[BlackElo "2128"]
[WhiteElo "2403"]
[LiveChessVersion "1.4.6"]

1. e4  Nf6  2. e5  Nd5
 3. d4  d6  4. Nf3
 Nc6  5. c4  Nb6 
6. exd6  exd6  7. Be2  Be7
 8. O-O  O-O  9. h3
 Bf5  10. Nc3  Bf6
 11. Bf4  d5  12. c5
 Nc4  13. b3  N4a5
 14. Rc1  Be4  15. Ne5
 Bg5  16. Bxg5  Qxg5
 17. f3  Bf5  18. f4
 Qh4  19. Bf3  Rad8
 20. Qd2  Nxe5  21. fxe5
 Nc6  22. Rcd1  Be6
 23. Ne2  Ne7  24. Nf4
 Nf5  25. Bxd5  Ng3
 26. Nxe6  Nxf1  27. Rxf1
 fxe6  28. Bxe6+  Kh8
 29. Rxf8+  Rxf8  30. d5
 Qe4  31. Qc3  Qe2
 32. d6  cxd6  33. cxd6
 Qf1+  34. Kh2  Qf4+
 35. Qg3  Qd4  36. Bc4
 h5  37. Qg5  Qd1
 38. d7  Kh7  39. Bf7
 b6  40. Be8  1-0

[Event "TIPC 2016"]
[Site "Roux"]
[Date "2016.08.06"]
[Round "9.6"]
[White "Hoffmeister, Frank"]
[Black "Hautot, Stéphane"]
[Result "1/2-1/2"]
[BlackElo "2402"]
[WhiteElo "2165"]
[LiveChessVersion "1.4.6"]

1. d4  d5  2. c4  c6
 3. cxd5  cxd5  4. Bf4
 Nc6  5. Nc3  Nf6
 6. e3  a6  7. Bd3
 e6  8. Rc1  Be7 
9. h3  O-O  10. Nf3  Bd6
 11. Bxd6  Qxd6  12. O-O
 e5  13. dxe5  Nxe5
 14. Nxe5  Qxe5  15. Be2
 Bd7  16. Qd4  Qe6
 17. Rfd1  Bc6  18. Bf3
 Rad8  19. Ne2  Qe7
 20. Qc5  Qe5  21. Rd4
 Rc8  22. Qa5  Rfe8
 23. Nc3  g6  24. Rcd1
 Ne4 25. Nxe4 Qf5  1/2-1/2

[Event "TIPC 2016"]
[Site "Roux"]
[Date "2016.08.06"]
[Round "9.7"]
[White "Le Quang, Kim"]
[Black "Cappon, John"]
[Result "1/2-1/2"]
[BlackElo "2229"]
[WhiteElo "2264"]
[LiveChessVersion "1.4.6"]

1. c4  e5  2. Nc3  Nc6
 3. g3  Bc5  4. Bg2
 a6  5. e3  d6 
6. Nge2  Ba7  7. b3  Nge7
 8. Bb2  O-O  9. O-O
 f6  10. d4  Bg4 
11. h3  Bd7  12. d5  Nb8
 13. b4  a5  14. a3
 Na6  15. Qb3  Qe8
 16. c5  Kh8  17. cxd6
 cxd6  18. Ne4  a4
 19. Qd1  Nc8  20. N2c3
 h6  1/2-1/2

[Event "TIPC 2016"]
[Site "Roux"]
[Date "2016.08.06"]
[Round "9.8"]
[White "Callier, Christophe"]
[Black "Van Mechelen, Jan"]
[Result "0-1"]
[BlackElo "2249"]
[WhiteElo "2015"]
[LiveChessVersion "1.4.6"]

1. e4  c5  2. Nf3  d6
 3. d4  cxd4  4. Nxd4
 Nf6  5. Nc3  a6 
6. Bc4  e6  7. Bb3  Nbd7
 8. Bg5  Nc5  9. f4
 Be7  10. Qe2  h6
 11. Bxf6  Bxf6  12. O-O-O
 Qc7  13. g4  b5 
14. Kb1  Be7  15. h4  Bd7
 16. Rde1  b4  17. Nd5
 exd5  18. exd5  O-O
 19. g5  Rfe8  20. Qh5
 g6  21. Qf3  Nxb3
 22. axb3  Qc5  23. Rd1
 h5  24. f5  Rac8
 25. fxg6  fxg6  26. Qd3
 Kg7  27. Rhf1  Qxd5
 28. Nf5+  Qxf5  29. Rxf5
 Bxf5  30. Qd4+  Kh7
 31. Rd2  Bf8  32. Qxb4
 Rxc2  33. Rxc2  Re2
 34. Qb7+  Bg7  35. Qxa6
 Rxc2  36. Ka2  Rxb2+
 37. Ka3  d5  38. Qd6
 Rd2  39. b4  d4 
40. b5  d3  41. b6  Rb2
 42. Qd8  Be4  0-1

[Event "TIPC 2016"]
[Site "Roux"]
[Date "2016.08.06"]
[Round "9.9"]
[White "Fontaine, Quentin"]
[Black "Scoriels, Michaël"]
[Result "1-0"]
[BlackElo "2073"]
[WhiteElo "2238"]
[LiveChessVersion "1.4.6"]

1. d4  Nf6  2. c4  g6
 3. Nc3  Bg7  4. e4
 d6  5. h3  e5 
6. d5  O-O  7. Nf3  a5
 8. Be3  Na6  9. Nd2
 Nc5  10. g4  Bd7
 11. Be2  Ne8  12. Qc2
 f5  13. gxf5  gxf5
 14. Bxc5  dxc5  15. exf5
 Bxf5  16. Bd3  Nd6
 17. Bxf5  Nxf5  18. Rg1
 Nd4  19. Qd3  Qh4
 20. Nce4  Qh5  21. Rg5
 Nf3+  22. Nxf3  Qxf3
 23. Qxf3  Rxf3  24. Ke2
 Raf8  25. Rag1  R3f7
 26. f3  b6  27. R1g3
 Kh8  28. Rh5  Rf5
 29. Rxf5  Rxf5  30. Rg5
 Rxg5  31. Nxg5  e4
 32. fxe4  Bxb2  33. a4
 h6  34. Nf3  Kg7
 35. e5  Kg6  36. Kd3
 Kf5  37. e6  Kf6
 38. Ke4  Bc3  39. Nh4
 Bb2  40. Nf5  Bc1
 41. Ne3  c6  42. Ng4+
 Ke7  43. Ne5  cxd5+
 44. Kxd5  1-0

[Event "TIPC 2016"]
[Site "Roux"]
[Date "2016.08.06"]
[Round "9.10"]
[White "Boucquet, Emile"]
[Black "Decrop, Benjamin"]
[Result "1-0"]
[BlackElo "2098"]
[WhiteElo "2179"]
[LiveChessVersion "1.4.6"]

1. d4  Nf6  2. c4  e6
 3. Nc3  Bb4  4. Qc2
 c5  5. e3  O-O 
6. Bd3  cxd4  7. exd4  Nc6
 8. Nf3  d5  9. a3
 dxc4  10. Bxc4  Nxd4
 11. Nxd4  Qxd4  12. Be2
 Be7  13. O-O  Qc5
 14. Be3  Qc7  15. Rac1
 Bd7  16. Nd5  Qd8
 17. Nxe7+  Qxe7  18. Bc5
 Qd8  19. Bxf8  Qxf8
 20. Bf3  Nd5  21. Bxd5
 exd5  22. Qd2  Bc6
 23. Qd4  a5  24. Rfe1
 a4  25. Re3  g6 
26. Rce1  Qd6  27. h4  h5
 28. Re5  Rc8  29. f4
 Qf6  30. Re8+  Rxe8
 31. Rxe8+  Kg7  32. Rg8+
 1-0